000 00304nam a22001337a 4500
008 170320b xxu||||| |||| 00| 0 eng d
020 _a9781884158131
041 _aeng
080 _a616.8
100 _a7
101 _ashm
245 _aI HAVE A FRIEND WITH MENTAL ILLNESS
_cCARLSON, H
942 _2udc
_cBK
999 _c8044
_d8044